The Cambridge companion to Bertrand Russell (Record no. 7024)

000 -LEADER
fixed length control field 00775 a2200205 4500
020 ## - INTERNATIONAL STANDARD BOOK NUMBER
International Standard Book Number 0521636345
020 ## - INTERNATIONAL STANDARD BOOK NUMBER
International Standard Book Number 0521636345
040 ## - CATALOGING SOURCE
Original cataloging agency DLC
Language of cataloging DLC
082 00 - DEWEY DECIMAL CLASSIFICATION NUMBER
Classification number 192
245 04 - TITLE STATEMENT
Title The Cambridge companion to Bertrand Russell
Statement of responsibility, etc. Nicholas Griffin.
246 30 - VARYING FORM OF TITLE
Title proper/short title Bertrand Russell
260 ## - PUBLICATION, DISTRIBUTION, ETC.
Place of publication, distribution, etc. Cambridge, U.K. ;
-- New York :
Name of publisher, distributor, etc. Cambridge University Press,
Date of publication, distribution, etc. 2003.
300 ## - PHYSICAL DESCRIPTION
Extent xvii, 550 p. ;
Dimensions 24 cm.
600 10 - SUBJECT ADDED ENTRY--PERSONAL NAME
Personal name Russell, Bertrand,
Dates associated with a name 1872-1970.
700 1# - ADDED ENTRY--PERSONAL NAME
Personal name Griffin, Nicholas.
856 41 - ELECTRONIC LOCATION AND ACCESS
Materials specified Sample text
Uniform Resource Identifier <a href="http://www.loc.gov/catdir/samples/cam033/2002031367.html">http://www.loc.gov/catdir/samples/cam033/2002031367.html</a>
856 41 - ELECTRONIC LOCATION AND ACCESS
Materials specified Table of contents
Uniform Resource Identifier <a href="http://www.loc.gov/catdir/toc/cam031/2002031367.html">http://www.loc.gov/catdir/toc/cam031/2002031367.html</a>
856 41 - ELECTRONIC LOCATION AND ACCESS
Materials specified Publisher description
Uniform Resource Identifier <a href="http://www.loc.gov/catdir/description/cam031/2002031367.html">http://www.loc.gov/catdir/description/cam031/2002031367.html</a>
942 ## - ADDED ENTRY ELEMENTS (KOHA)
Koha item type Book
Call number prefix 192 GRI
Source of classification or shelving scheme
Holdings
Withdrawn status Lost status Damaged status Not for loan Collection code Permanent Location Current Location Shelving location Date acquired Source of acquisition Cost, normal purchase price Total Checkouts Full call number Barcode Date last seen Price effective from Koha item type
          Central Library (CL) Central Library (CL) General Stacks 11/07/2006 Allied Book Company 2195.46   192 GRI SEECS007718 11/14/2012 01/05/2017 Book
© 2023 Central Library, National University of Sciences and Technology. All Rights Reserved.